000 01721 a2200277 4500
003 Nust
005 20220819102014.0
010 _a 2006042354
020 _a9780471757139 (hbk.)
035 _a(OCoLC)64453532
035 _a(OCoLC)ocm64453532
040 _cNust
082 0 0 _a621.38415,FRE
100 1 _aFreeman, Roger L.
_957174
245 1 0 _aRadio system design for telecommunications /
_cRoger L. Freeman.
250 _a3rd ed.
260 _aNew York :
_bIEEE ;
_aHoboken, N.J. :
_bWiley-Interscience,
_cc2007.
300 _axxv, 880 p. :
_bill. ;
_c25 cm.
440 0 _aWiley series in telecommunications and signal processing
_9728
505 _aRadio Propagation (Page-1), Line of Sight Microwave Radio links (Page-37), Digital Line of Sight Microwave Radio links (Page-133), Forward Error Correction and Advanced Digital Waveforms (Page-175), Over The Horizon Radio links (Page-219), Basic Principles of Satellite Communication (Page-305), Digital Communication by Satellite (Page-381), Very Small Aperture Terminals (Page-439), Radio System Design above 10ghz (Page-463), Mobile Communication (Page-503), Wireless LANs (Page-561), HF Transmission Links (Page-573), Meteor Burst Comm. (Page-657), Interference Issues in Radio Comm. (Page-691), Radio Terminal Design Considerations (Page-721).
650 0 _aRadio relay systems
_xDesign and construction.
_998205
856 4 2 _3Contributor biographical information
_uhttp://www.loc.gov/catdir/enhancements/fy0826/2006042354-b.html
856 4 2 _3Publisher description
_uhttp://www.loc.gov/catdir/enhancements/fy0826/2006042354-d.html
856 4 2 _3Table of contents only
_uhttp://www.loc.gov/catdir/enhancements/fy0826/2006042354-t.html
942 _cREF
_2ddc
999 _c215066
_d215066